Asian Airports By Code - Statistics

General Stats
  • This quiz has been taken 74 times
  • The average score is 18 of 40
Answer Stats
Code City Country % Correct
SIN Singapore Singapore
98%
DXB Dubai United Arab Emirates
95%
DEL Delhi India
93%
HKG Hong Kong China
93%
BKK Bangkok Thailand
91%
PEK Beijing China
87%
KUL Kuala Lumpur Malaysia
87%
HND Tokyo Japan
87%
SHA Shanghai China
80%
BOM Mumbai India
78%
HAN Hanoi Vietnam
71%
SGN Ho Chi Minh City Vietnam
65%
WUH Wuhan China
62%
DAC Dhaka Bangladesh
55%
FUK Fukuoka Japan
55%
KTM Kathmandu Nepal
49%
SZX Shenzhen China
49%
CAN Guangzhou China
47%
HYD Hyderabad India
47%
KHI Karachi Pakistan
40%
LHE Lahore Pakistan
40%
ITM Osaka Japan
40%
TAS Tashkent Uzbekistan
40%
IKA Tehran Iran
40%
CCU Kolkata India
38%
MAA Chennai India
35%
PUS Busan South Korea
33%
BGW Baghdad Iraq
31%
GYD Baku Azerbaijan
27%
FNJ Pyongyang North Korea
24%
ADJ Amman Jordan
16%
IPH Ipoh Malaysia
7%
KJT Bandung Indonesia
5%
ETM Eilat Israel
4%
AOM Adam Oman
2%
AKA Ankang China
2%
LAO Laoag Philippines
2%
IXT Pasighat India
2%
LTI Altai Mongolia
0%
DNA Okinawa Japan (US-Operated)
0%
No matching quizzes found
Score Distribution
Percent of People with Each Score
Percentile by Number Answered
Your Score History
You have not taken this quiz